European Symposium on Computer-Aided Process Engineering 15, 20A 38th European Symposium of the Working Party on Computer Aided Process Engineering, ESCAPE 15, 29 May-1 June 2005, Barcelona, Spain /

Enregistré dans:
Détails bibliographiques
Collectivités auteurs: European Symposium on Computer Aided Process Engineering Barcelona, Spain, European Federation of Chemical Engineering. Working Party on Computer Aided Process Engineering
Autres auteurs: Puigjaner, Luis, Espuna, Antonio
Format: Actes de congrès Livre
Langue:anglais
Publié: Amsterdam ; Boston Elsevier 2005
Collection:Computer-aided chemical engineering ; 20A
Sujets:
Accès en ligne:Voir à l'OPAC
Tags: Ajouter un tag
Pas de tags, Soyez le premier à ajouter un tag!

MARC

LEADER 00000cam a22000008a 4500
003 SK-BrSCK
005 20260128065335.0
008 040506s2004 ne 100 0 eng
020 |a 0444519904 
035 |a vtls008300934 
039 9 |a 200510100841  |b mschk03  |c 200510051159  |d mschk03  |c 200510050957  |d mschk03  |c 200510041151  |d mschk03 
040 |a STUSCHK1  |b slo  |c STUSCHK1 
082 0 0 |a 660/.2815  |2 22 
111 2 |a European Symposium on Computer Aided Process Engineering  |n (15th  |d 2005  |c Barcelona, Spain ) 
245 1 0 |a European Symposium on Computer-Aided Process Engineering 15, 20A  |b 38th European Symposium of the Working Party on Computer Aided Process Engineering, ESCAPE 15, 29 May-1 June 2005, Barcelona, Spain /  |c edited by L.Puigjaner, A. Espuna 
260 |a Amsterdam ;  |a Boston  |b Elsevier  |c 2005 
300 |a xxv, 954 p. cm. 
440 0 |a Computer-aided chemical engineering ;  |v 20A 
650 0 |a Chemical process control  |x Data processing  |v Congresses. 
650 0 |a Computer integrated manufacturing systems  |v Congresses. 
700 1 |a Puigjaner, Luis 
700 1 |a Espuna, Antonio 
710 2 |a European Federation of Chemical Engineering.  |b Working Party on Computer Aided Process Engineering. 
910 |a skuska 
942 |2 udc  |c 14 
999 |c 2  |d 2